Pairs #39 - Statistics

General Stats
  • This quiz has been taken 178 times
  • The average score is 17 of 25
Answer Stats
Hint Explanation Answer % Correct
Early to bed From the proverb “early to bed and early to rise makes a man healthy, wealthy and wise.” early to rise
95%
All bark all bark and no bite. Full of talk that is more threatening or impressive than the speaker actually is. no bite
94%
R R&R. An informal abbreviation of “rest and relaxation.” R
90%
Keep a dog keep a dog and bark yourself. To engage someone who is ostensibly responsible for some amount of work, but then do or oversee most or all of that work oneself. bark yourself
87%
Nail ‘em nail ‘em and jail ‘em. The police in general. jail ‘em
87%
All hat all hat and no cowboy. (primarily US) Full of talk that is more impressive than than the speaker actually is. no cowboy
87%
Far far and away. By a large degree or margin; greatly. away
84%
Man plans “Man plans and God laughs” criticizes the human tendency to make plans even though unforeseen circumstances can ruin them. God laughs
84%
Carrot carrot and stick. Reward and punishment used as persuasive measures. stick
81%
Oil From the saying “oil and water do not mix,” said of two objects, elements, factors, forces, people, etc., that do not or cannot mix together readily. water
79%
Ifs From the proverb “If ifs and ans were pots and pans, there'd be no work for tinkers' hands,” with “ans” being an archaic word for “if.” ans
77%
Chief cook chief cook and bottle washer. One who is involved in many aspects of a particular situation. bottle washer
75%
Part part and parcel. An essential or fundamental part or aspect (of something). parcel
75%
Dame Partington Dame Partington and her mop. Someone staunchly opposed to progress or reform, even when it is inevitable. The phrase is thought to have originated from stories in 19th-century England of a woman who kept trying to get water out of her flooded home during a storm before finally evacuating. her mop
73%
A fool Part of the proverb “a fool and his money are soon parted.” his money
73%
Wake up wake up and die right. (dated) Start focusing on the present and do what you are supposed to be doing. The phrase possibly originated among World War II soldiers. die right
69%
Tag tag and rag. (mostly UK) The common people. rag
68%
Up up and around. Moving around, especially after a period of injury, illness, or inactivity. around
58%
A false friend From the proverb “a false friend and a shadow stay only while the sun shines.” a shadow
57%
Jot jot and tittle. The very smallest detail(s) or amount(s). tittle
45%
Sackcloth sackcloth and ashes. Penitence or remorse for one's misdeeds or poor behavior. The phrase derives from the ancient practice of smearing oneself with ashes and wearing coarse garments of goat or camel's hair, flax, hemp, or cotton to demonstrate repentance. ashes
42%
Gall gall and wormwood. Strong feelings of bitterness and resentment. wormwood
36%
Back up back up and punt. (US) To consider, devise, or undertake a drastically different course of action in an attempt to resolve an undesirable or untenable situation. In American football, a team on offense will commonly punt the ball on their fourth and final down, after other offensive plays have not been successful. punt
35%
Lares lares and penates. The items that constitute or are a part of one's home. The lares and penates were protective household gods in ancient Rome, and eventually came to signify the home itself. penates
32%
Back back and edge. Fully; wholeheartedly. A reference to the edge and broad sides of a sword. edge
17%
No matching quizzes found
Score Distribution
Percent of People with Each Score
Percentile by Number Answered
Your Score History
You have not taken this quiz